000
00282nam a2200097Ia 4500
082
_a
AKF|SWAR
245
0
_a
Hoekom praat grootmense so snaaks?
100
_a
Swart, Keina Pretoria [South Africa], 2010
_9
53207
942
_c
BK
008
210817s9999 xx 000 0 und d
999
_c
168983
_d
168984